000 00323nam a22001337a 4500
008 181001b xxu||||| |||| 00| 0 eng d
020 _a9780558908386
041 _aeng
080 _a910
100 _a42
101 _aGJEO
245 _aGeos the pearson custom library for geography & geology
_cHay,E.A
942 _2udc
_cBK
999 _c48730
_d48730